Fundamentals of corporate finance / (Record no. 841)

000 -LEADER
fixed length control field 01040cam a2200337 a 4500
003 - CONTROL NUMBER IDENTIFIER
control field CaOOAMICUS
005 - DATE AND TIME OF LATEST TRANSACTION
control field 20210621095348.0
008 - FIXED-LENGTH DATA ELEMENTS--GENERAL INFORMATION
fixed length control field 050601s2006 onca 001 0 eng
020 ## - INTERNATIONAL STANDARD BOOK NUMBER
International Standard Book Number 0070946515 (bound) :
040 ## - CATALOGING SOURCE
Transcribing agency CaOONL
050 ## - LIBRARY OF CONGRESS CALL NUMBER
Classification number HG4026
Item number .F85 2006
055 01 - CLASSIFICATION NUMBERS ASSIGNED IN CANADA
Classification number HG4026
055 #3 - CLASSIFICATION NUMBERS ASSIGNED IN CANADA
Classification number HG4026
Item number F85 2006
090 ## - LOCALLY ASSIGNED LC-TYPE CALL NUMBER (OCLC); LOCAL CALL NUMBER (RLIN)
Classification number (OCLC) (R) ; Classification number, CALL (RLIN) (NR) 658.15 FUN
245 00 - TITLE STATEMENT
Title Fundamentals of corporate finance /
Statement of responsibility, etc. Richard A. Brealey ... [and others].
250 ## - EDITION STATEMENT
Edition statement Third Canadian edition
260 ## - PUBLICATION, DISTRIBUTION, ETC.
Place of publication, distribution, etc. Toronto :
Name of publisher, distributor, etc. McGraw-Hill Ryerson,
Date of publication, distribution, etc. 2006.
300 ## - PHYSICAL DESCRIPTION
Extent xx, 828 pages :
Other physical details illustrations ;
Dimensions 29 cm.
336 ## - CONTENT TYPE
Content type term text
Content type code txt
Source rdacontent
337 ## - MEDIA TYPE
Media type term unmediated
Media type code n
Source rdamedia
338 ## - CARRIER TYPE
Carrier type term volume
Carrier type code nc
Source rdacarrier
504 ## - BIBLIOGRAPHY, ETC. NOTE
Bibliography, etc. note Includes bibliographical references and index.
650 #0 - SUBJECT ADDED ENTRY--TOPICAL TERM
Topical term or geographic name entry element Corporations
General subdivision Finance
Form subdivision Textbooks.
700 1# - ADDED ENTRY--PERSONAL NAME
Personal name Brealey, Richard A.
942 ## - ADDED ENTRY ELEMENTS (KOHA)
Source of classification or shelving scheme
Koha item type Book
Suppress in OPAC SO
948 ## - LOCAL PROCESSING INFORMATION (OCLC); SERIES PART DESIGNATOR (RLIN)
Series part designator, SPT (RLIN) 06/07/2006
b (OCLC) 03/10/2006
Holdings
Withdrawn status Lost status Source of classification or shelving scheme Damaged status Not for loan Permanent Location Current Location Shelving location Date acquired Total Checkouts Full call number Barcode Date last seen Price effective from Koha item type Public note
          AU LIBRARY AU LIBRARY Open Shelf 21.06.2021   HG4026 .F85 2006 28000250 21.06.2021 21.06.2021 Book SO

Powered by Koha